000 00277nam a22001337a 4500
008 181008b xxu||||| |||| 00| 0 eng d
020 _a0443080828
041 _aeng
080 _a610
100 _a6
101 _aANE
245 _aAnesthesia
_cMiller,R.D
942 _2udc
_cBK
999 _c49012
_d49012